<?xml version="1.0" encoding="UTF-8"?>
<collection xmlns:xsi="http://www.w3.org/2001/XMLSchema-instance" xsi:schemaLocation="http://www.loc.gov/MARC21/slim http://www.loc.gov/standards/marcxml/schema/MARC21slim.xsd" xmlns="http://www.loc.gov/MARC21/slim">
 <record>
  <leader>00000cmm a22000004a 4500</leader>
  <controlfield tag="001">UP-99796217611254899</controlfield>
  <controlfield tag="003">Buklod</controlfield>
  <controlfield tag="005">20241016094234.0</controlfield>
  <controlfield tag="006">m    go  j        </controlfield>
  <controlfield tag="007">cr |n |||auu|a</controlfield>
  <controlfield tag="008">241016s2011    xxu     o  j        eng d</controlfield>
  <datafield tag="020" ind1=" " ind2=" ">
   <subfield code="a">9781461400677 (eBook)</subfield>
  </datafield>
  <datafield tag="035" ind1=" " ind2=" ">
   <subfield code="a">(iLib)UPD-00215705953</subfield>
  </datafield>
  <datafield tag="040" ind1=" " ind2=" ">
   <subfield code="a">DMLR</subfield>
   <subfield code="b">eng</subfield>
   <subfield code="e">rda</subfield>
  </datafield>
  <datafield tag="041" ind1=" " ind2=" ">
   <subfield code="a">eng</subfield>
  </datafield>
  <datafield tag="042" ind1=" " ind2=" ">
   <subfield code="a">DMLUC</subfield>
  </datafield>
  <datafield tag="084" ind1=" " ind2=" ">
   <subfield code="a">RD 119.5 E94</subfield>
   <subfield code="b">M37 2011eb</subfield>
  </datafield>
  <datafield tag="245" ind1="0" ind2="0">
   <subfield code="a">Master techniques in blepharoplasty and periorbital rejuvenation</subfield>
   <subfield code="h">[electronic resource]</subfield>
   <subfield code="c">Guy G. Massry, Mark R. Murphy, Babak Azizzadeh, editors ; foreword by Allen Putterman and Norman Pastorek.</subfield>
  </datafield>
  <datafield tag="264" ind1=" " ind2="1">
   <subfield code="a">New York, New York</subfield>
   <subfield code="b">Springer New York</subfield>
   <subfield code="c">c2011.</subfield>
  </datafield>
  <datafield tag="300" ind1=" " ind2=" ">
   <subfield code="a">1 online resource (xviii, 342 pages)</subfield>
   <subfield code="b">illustrations (some color)</subfield>
  </datafield>
  <datafield tag="336" ind1=" " ind2=" ">
   <subfield code="a">text</subfield>
   <subfield code="2">rdacontent</subfield>
  </datafield>
  <datafield tag="337" ind1=" " ind2=" ">
   <subfield code="a">computer</subfield>
   <subfield code="2">rdamedia</subfield>
  </datafield>
  <datafield tag="338" ind1=" " ind2=" ">
   <subfield code="a">online resource</subfield>
   <subfield code="2">rdacarrier</subfield>
  </datafield>
  <datafield tag="505" ind1="0" ind2=" ">
   <subfield code="a">Periorbital Aesthetic Surgery: The Evolution of a Multidisciplinary Surgical Subspecialty -- Surgical Anatomy of the Forehead, Eyelids, and Midface for the Aesthetic Surgeon -- The Beautiful Eye: Perception of Beauty in the Periocular Area -- Critical Evaluation of the Periorbital Aesthetic Patient -- Oculofacial Anesthesia -- The Open Approach to Forehead Lifting -- Endoscopic Brow and Forehead Rejuvenation -- Direct Brow Lift: An Aesthetic Approach -- Upper Eyelid Blepharoplasty -- Adjunctive Procedures in Upper Eyelid Blepharoplasty: Internal Brow Fat Sculpting and Elevation, Glabellar Myectomy, and Lacrimal Gland Repositioning -- Management of Complications of Upper Eyelid Blepharoplasty -- Levator Ptosis Repair in the Aesthetic Patient With and Without Blepharoplasty -- Posterior Approach Ptosis Repair in the Aesthetic Patient With or Without Blepharoplasty -- Modern Advances in Asian Blepharoplasty -- Transcutaneous Lower Eyelid Blepharoplasty -- Transconjunctival Lower Blepharoplasty: Fat Excision or Repositioning -- Managing the Lateral Canthus in the Aesthetic Patient -- Management of the Post-lower Eyelid Blepharoplasty Retracted Eyelid -- Laser Management of Festoons -- Midface and Lower Eyelid Rejuvenation -- Face Implants in Aesthetic Surgery -- Periorbital Fat Grafting -- Periorbital Laser Resurfacing -- Laser Incisional Eyelid Surgery -- Neuromodulators and Fillers for Periorbital Rejuvenation -- Management of the Prominent Eye -- Postoperative Wound Modulation in Aesthetic Eyelid and Periorbital Surgery -- Short-Flap Superficial Musculo-Aponeurotic System (SMAS) Rhytidectomy.</subfield>
  </datafield>
  <datafield tag="506" ind1=" " ind2=" ">
   <subfield code="a">IP-based subscription, access limited to within on-campus computer network. Access via Electronic Resources of the UPD University Library Website.</subfield>
  </datafield>
  <datafield tag="520" ind1=" " ind2=" ">
   <subfield code="a">The eyes are a central feature of facial appearance, expression and provide us the ability to see, our most important sensory function.  For this reason, mastering the evaluation and execution of aesthetic rejuvenation of the eyelids and adjacent areas is critical to all surgeons who operate on these very delicate and interconnected structures. Master Techniques in Blepharoplasty and Periorbital Rejuvenation is a comprehensive, multi-specialty textbook on blepharoplasty and eyelid reconstruction. Special features include: A multidisciplinary view of how this particular area of facial aesthetic surgery is approached and how its associated procedures are performed; Provides a unique and comprehensive understanding of cosmetic brow lifting, blepahroplasty and midface surgery; Written by leading experts in a variety of specialties, including oculoplastic surgery, facial plastic surgery, plastic surgery and dermatology.</subfield>
  </datafield>
  <datafield tag="533" ind1=" " ind2=" ">
   <subfield code="a">Electronic reproduction.</subfield>
   <subfield code="b">New York</subfield>
   <subfield code="c">SpringerLink</subfield>
   <subfield code="d">2011.</subfield>
   <subfield code="n">Available via World Wide Web through SpringerLink.</subfield>
  </datafield>
  <datafield tag="650" ind1=" " ind2="0">
   <subfield code="a">Blepharoplasty</subfield>
   <subfield code="x">Technique.</subfield>
  </datafield>
  <datafield tag="650" ind1=" " ind2="0">
   <subfield code="a">Ophthalmic plastic surgery</subfield>
   <subfield code="x">Technique.</subfield>
  </datafield>
  <datafield tag="700" ind1="1" ind2=" ">
   <subfield code="a">Massry, Guy G.</subfield>
   <subfield code="e">editor.</subfield>
  </datafield>
  <datafield tag="700" ind1="1" ind2=" ">
   <subfield code="a">Murphy, Mark R.</subfield>
   <subfield code="e">editor.</subfield>
  </datafield>
  <datafield tag="700" ind1="1" ind2=" ">
   <subfield code="a">Azizzadeh, Babak.</subfield>
   <subfield code="e">editor.</subfield>
  </datafield>
  <datafield tag="856" ind1="4" ind2="0">
   <subfield code="y">Available for UP System via Springer Link.</subfield>
   <subfield code="u">http://dx.doi.org/10.1007/978-1-4614-0067-7</subfield>
  </datafield>
  <datafield tag="905" ind1=" " ind2=" ">
   <subfield code="a">FO</subfield>
  </datafield>
  <datafield tag="852" ind1="0" ind2=" ">
   <subfield code="a">UPD</subfield>
   <subfield code="b">DMLR</subfield>
   <subfield code="h">RD 119.5 E94</subfield>
   <subfield code="i">M37 2011eb</subfield>
  </datafield>
  <datafield tag="942" ind1=" " ind2=" ">
   <subfield code="a">Electronic Resource</subfield>
  </datafield>
 </record>
</collection>
